000
00241nam a2200109Ia 4500
008
190216s9999||||xx |||||||||||||| ||und||
100
_a
Venniyoor E M J
245
0
_a
Doctor House
260
_b
Nbs Kottayam
650
_a
Nadakam
942
_c
BK
999
_c
24812
_d
24812